Online Catalogue and eLibrary

Sri Lanka migrant garment factoy workers : (Record no. 4588)

MARC details
000 -LEADER
fixed length control field 00456nam a2200169Ia 4500
005 - DATE AND TIME OF LATEST TRANSACTION
control field 20240502033418.0
008 - FIXED-LENGTH DATA ELEMENTS--GENERAL INFORMATION
fixed length control field 240331s9999 xx 000 0 und d
020 ## - INTERNATIONAL STANDARD BOOK NUMBER
ISBN 9558610089
082 ## - DDC Classification
Item Number - Author Mark DIA
Class No. 331.62
100 ## - MAIN ENTRY--PERSONAL NAME
Personal name Dias,Malsiri
245 #0 - TITLE STATEMENT
Title Sri Lanka migrant garment factoy workers :
Remainder of title mauritius and sultanate of Oman
260 ## - PUBLICATION, DISTRIBUTION, ETC.
Place of publication, distribution, etc. Colombo
Name of publisher, distributor, etc. Centre for Women's research
Date of publication, distribution, etc. 2002
300 ## - PHYSICAL DESCRIPTION
Extent (e.g. Volumes, Pages etc.) 112 p .,
650 ## - SUBJECT ADDED ENTRY--TOPICAL TERM
Topical term or geographic name entry element laws
650 ## - SUBJECT ADDED ENTRY--TOPICAL TERM
Topical term or geographic name entry element Woman
942 ## - Koha item type (Biblio)
Koha item type Books in Stacks (Lending)
Holdings
Lost status Damaged status Collection code Home library Current library Shelving location Date acquired Full call number Accession Number Item type
    Lending WERC Library WERC Library Social Science Cupboard 03/31/2024 331.62 DIA 4870 Books in Stacks (Lending)

© WERC Library